000 00838nam a2200169Ia 4500
008 090711s9999 xx 000 0 und d
082 _b43432
100 _aगावडे प्रकाश शि.
245 _aनॅशनल टॅलेन्ट र्सSा परिक्षा मार्गदर्शन मालिका भूगोल
260 _c1981
300 _a90
600 _aगावडे प्रकाश शि.
630 _aनॅशनल टॅलेन्ट र्सSा परिक्षा मार्गदर्शन मालिका भूगोल
700 _aगावडे प्रकाश शि.
730 _aनॅशनल टॅलेन्ट र्सSा परिक्षा मार्गदर्शन मालिका भूगोल
942 _cBOOK
999 _c290126
_d290126